00706nam a2200181 a 4500003000200000005001700002008004100019050003700060100003000097245011300127260009200240300004000332504004100372650002000413650002200433650003700455650003200492020250319125638.0060802s19uu xx 00 eng d aPGS TP 897.C58.H93 b.Su962 2006 aSurrier, Kevin Charles P. aA comparative study on the citrus fruits and hydrogen peroxide as stain remover /cKevin Charles P. Surrier. aLas Piñas City, Philippines : bSouthville International School and Colleges,c2006. a17 pages :billustrations ;c28 cm. aIncludes bibliographical references. aStain removal.  aCleaning agents.  aHydrogen peroxidevCleaning use. aCitrus fruitvCleaning use.